000 00301nam a2200133Ia 4500
008 100328s9999 xx 000 0 und d
082 _b66828
100 _aSheth Sneha.
245 _aPanchatantra-3.
260 _bSheth.
630 _aPanchatantra-3.
730 _aPanchatantra-3.
942 _cBOOK
999 _c552567
_d552564